000 00290 a2200145 4500
001 111794
041 _apor
090 _aA Computador LG
245 1 0 _aComputador LG
250 _a. ed.
300 _a1 laptop
040 _aBR-BrIDEA
_cBR-BrIDEA
260 _a[S.l.]
_c2018
942 _cDE
999 _c111794
_d111794